00615nam a22002297a 450000500170000001000130001702000230003003500130005303700160006604000120008208200130009410000230010724500540013024600060018425000120019026000420020227000560024430000200030050000200032065000210034065000240036120170124110210.0 aA-940689 c250.00a8186358765 aA-940689 bCen Lib/Ret aDPLbEN a616bKUN aKundu, Arup Kumar  aBeside clinics in medicine /cby Arup Kumar kundu b  a3rd ed  bAcademic publishers c1999aCalcutta  bCalcutta a12/1A, Bankim chatterjee street e700073 a447p.c23cm(Hb) aIncludes index  aMedical sceince  aRespiratory system